| 000 | 00672nam a2200229Ia 4500 | ||
|---|---|---|---|
| 008 | 191130s2007##################000#0#eng## | ||
| 020 | _a9780061228070 | ||
| 022 | _a2006047091 | ||
| 040 |
_aACL _cACL |
||
| 082 | _a306.8153 SCH | ||
| 100 | _aSchefft, Jen | ||
| 245 |
_aBetter single than sorry : a no-regrets guide to loving yourself & never settling _cJen Schefft |
||
| 250 | _a1st ed | ||
| 260 |
_aNew York _bW. Morrow _cc2007 |
||
| 300 | _ax, 272 p. ; 22 cm | ||
| 650 | _aMan-woman relationships | ||
| 650 | _aSingle women | ||
| 650 | _aSingle women - Conduct of life | ||
| 990 | _a9ba5fe68ac10000c2342337e6e3f8434 | ||
| 991 | _a210845 | ||
| 999 |
_c114483 _d114483 |
||